000 01799nam a2200385 4500
001 0000023741
003 CO-CtgCURN
005 20250528141316.0
007 ta
008 160627s2012 000 0 eng d
020 _a9786074482355
040 _aCO-CtgCURN
_bspa
_ccoctgcurn
082 0 _a617.7
_bJ27
100 1 _aJames, Bruce.
245 1 0 _aOftalmología :
_bdiagnóstico y tratamiento /
_cBruce James, Anthony Bron , traducido por Juan Roberto Palacios Martínez, rev Sergio Rojas Juarez.
260 _aMéxico :
_bManual Moderno,
_c2012.
300 _axi, 331 p.
336 _2rdacontent
337 _2rdamedia
_asin mediacion
_bn
338 _2rdacarrier
_avolumen
_bnc
500 _aIncluye preguntas y respuestas.
504 _aIncluye Indice y apendice.
505 8 _aAnatomía -- Anamnesis, sintomas y exploracion -- optica clinica -- orbita -- Parpados -- Sistema lagrimal -- Conjuntiva, cornea y esclerotica -- Cristalino y cataratas -- Uveitis -- Glaucoma -- Retina y coroides -- Vasculopatia retiniana -- Pupila y sus respuestas -- Trastornos de la via visual -- Movimientos oculares y sus trastornos -- Traumatismo -- La oftalmología en paises en desarrollo -- Servicios para personas con discapacidad visual -- Casos clinicos
534 _aophthalmology lecture notes.
650 1 4 _aOftalmología.
650 1 4 _aEnfermedades
_xTratamiento.
700 1 _aBron, Anthony.
908 _a160627
942 _cBK
_h617.7
_iJ27
_2ddc
_n0
999 _c23495
_d23495